ბათუმის შოთა რუსთაველის სახელმწიფო უნივერსიტეტის ბიბლიოთეკა

ისტორიულ-კულტურული ფასეულობები აფხაზეთში = Historical-cultural heritage in Abkhazia = Heritage historique et culturel en Abkhazie = Культурно-исторические ценности в Абхазии : (ბიბ.ჩანაწერი № 53694)

000 -ლიდერი
ფიქსირებული სიგრძის საკონტროლო ველი 02274nam a2200349Ia 4500
001 - საკონტროლო ნომერი
საკონტროლო ველი 20742
003 - საკონტროლო ნომრის იდენტიფიკატორი
საკონტროლო ველი GE_BSU
005 - ბოლო ოპერაციის თარიღი და დრო
საკონტროლო ველი 20210322113602.0
008 - ფიქსირებული სიგრძის მონაცემთა ელემენტები - ზოგადი ინფორმაცია
ფიქსირებული სიგრძის საკონტროლო ველი 181216s2017||||ge |||||||||||||| ||geo||
020 ## - წიგნის საერთაშორისო სტანდარტული ნომერი
International Standard Book Number 9789941098802
040 ## - კატალოგიზაციის წყარო
Transcribing agency GE_BSU
041 ## - ენის კოდი
Language code of text/sound track or separate title geo
080 ## - უნივერსალური ათობითი კლასიფიკაციის ინდექსი
Universal Decimal Classification number 94(479.224)+7+008 ი-88
245 ## - ცნობა სათაურის შესახებ
Title ისტორიულ-კულტურული ფასეულობები აფხაზეთში = Historical-cultural heritage in Abkhazia = Heritage historique et culturel en Abkhazie = Культурно-исторические ценности в Абхазии :
Remainder of title კრებული /
Statement of responsibility, etc პროექტის ავტ. და მთ. რედ. - გამომც. ზურაბ ჯგუბურია ; რედ. : ნატო კორსანტია, ნინო ხოხობაია ; მთარგმნ. : ჯონ ედვარდ ჰორანი, თამარ ფხაკაძე, ზურაბ მაჩაბელი [და სხვ.]
250 ## - გამოცემის ცნობა
Edition statement მე-3 განახლებული გამოცემა.
264 ## - წარმოების, გამოცემის, დისტრიბუციის და სხვა ცნობები
გამოცემის, წარმოების, დისტრიბუციის... ადგილი თბილისი :
გამოცემის, წარმოების, დისტრიბუციის... სახელწოდება [?],
გამოცემის, წარმოების, დისტრიბუციის... თარიღი 2017.
300 ## - ფიზიკური აღწერა
Extent 280 გვ. ;
Dimensions 28 სმ.
653 ## - INDEX TERM--UNCONTROLLED
Uncontrolled term აფხაზეთის ისტორია
653 ## - INDEX TERM--UNCONTROLLED
Uncontrolled term აფხაზური ხელოვნება
653 ## - INDEX TERM--UNCONTROLLED
Uncontrolled term აფხაზური კელტურა
653 ## - INDEX TERM--UNCONTROLLED
Uncontrolled term ისტორიულ - კულტურული ფასეულობები აფხაზეთში
653 ## - INDEX TERM--UNCONTROLLED
Uncontrolled term Historical-cultural heritage in Abkhazia
653 ## - INDEX TERM--UNCONTROLLED
Uncontrolled term Heritage historique et culturel en Abkhazie
653 ## - INDEX TERM--UNCONTROLLED
Uncontrolled term Культурно-исторические ценности в Абхазии
700 ## - ADDED ENTRY--PERSONAL NAME
Personal name კორსანტია, ნატო
Relator term რედაქტორი
9 (RLIN) 10590
700 ## - ADDED ENTRY--PERSONAL NAME
Personal name ხოხობაია, ნინო
Relator term რედაქტორი
9 (RLIN) 10591
700 ## - ADDED ENTRY--PERSONAL NAME
Personal name ჰორანი, ჯონ ედვარდ
Relator term მთარგმნელი
9 (RLIN) 10592
700 ## - ADDED ENTRY--PERSONAL NAME
Personal name ფხაკაძე, თამარ
Relator term მთარგმნელი
9 (RLIN) 10593
700 ## - ADDED ENTRY--PERSONAL NAME
Personal name მაჩაბელი, ზურაბ
Relator term მთარგმნელი
9 (RLIN) 10594
942 ## - ADDED ENTRY ELEMENTS (KOHA)
Koha item type წიგნი
Source of classification or shelving scheme
ეგზემპლარები
ჩამოწერის სტატუსი დაკარგული ეგზემპლარის სტატუსი კლასიფიკაციის წყარო ან თაროზე გაწყობის სქემა დაზიანების სტატუსი არ გაიცემა მუდმივი მდებარეობა (დაცვის ადგილი) ამჟამინდელი ადგილსამყოფელი თაროზე განთავსების ადგილი შეძენის თარიღი ღირებულება, შესყიდვის ნორმალური ფასი სრული შენახვის შიფრი შტრიხკოდი ბოლო ოპერაციის თარიღი ეგზემპლარის მიმდევრობითი ნომერი (კეტერი?) ფასის ძალაში შესვლის თარიღი ეგზემპლარის სახეობა საჯარო შენიშვნა
          ბათუმის შოთა რუსთაველის სახელმწიფო უნივერსიტეტის მთავარი ბიბლიოთეკა ბათუმის შოთა რუსთაველის სახელმწიფო უნივერსიტეტის მთავარი ბიბლიოთეკა წიგნსაცავი 2018-12-17 15.00 94(479.224)+7+008 ი-88 54059 2018-12-17 54059 2018-12-17 წიგნი 15.00 ლ.